Представление документа в формате MARC21

ПолеНазваниеЗначение
  Тип записи a
  Библиографический уровень m
001 Контрольный номер RU/URAIT/562404
005 Дата корректировки 20260429163608.0
008 Кодируемые данные 260429s2025 RU y f j 000 0 rus u
020 Индекс ISBN __
a ISBN 978-5-534-12063-9
c Цена, тираж 799.00
040 Источник каталогиз. __
a Служба первич. каталог. ИКО Юрайт
c Служба, преобразующая запись ИКО Юрайт
e Правила каталог. RCR
041 Код языка издания __
a Код языка текста rus
044 Код страны публикации __
a Код страны публикации RU
080 Индекс УДК __
a Индекс УДК 81
084 Индекс другой классификации/Индекс ББК __
2 Источник индекса rubbk
a Индекс другой классификации/Индекс ББК 81
100 Автор __
a Автор Фортунатов Ф. Ф.
q Полное имя Фортунатов Филипп Федорович
245 Заглавие __
a Заглавие Сравнительное языковедение
b Продолж. заглавия - служебная - для во и спо
c Ответственность Ф. Ф. Фортунатов.
256 Характеристики компьютерного файла __
a Характеристики компьютерного файла Электрон. дан.
260 Выходные данные __
a Место издания Москва
b Издательство Юрайт
c Дата издания 2025
300 Физическое описание __
a Объем 165 с
440 Серия __
a Серия Антология мысли
500 Примечания __
a Примечание URL: https://urait.ru/bcode/562404 (дата обращения: 29.04.2026).
520 Аннотация __
a Аннотация Лекции знаменитого русского языковеда академика Ф. Ф. Фортунатова, предназначенные для студентов Московского университета, представляют собой обобщение его лингвистических исследований и не теряют своего значения как выдающиеся и оригинальные научные труды. В настоящее издание входят общий курс «Сравнительное языковедение» и статья «О преподавании грамматики русского языка в средней школе», тесно связанная с теоретическими взглядами автора, изложенными в его университетских курсах.
538 Прим. о системных особенностях __
a Прим. о системных особенностях Режим доступа: Электронно-библиотечная система Юрайт, для авториз. пользователей
653 Ключевые слова __
a Ключевые слова Общее языкознание
653 Ключевые слова __
a Ключевые слова Языки и литература
653 Ключевые слова __
a Ключевые слова Введение в лингвистику
653 Ключевые слова __
a Ключевые слова Введение в языкознание
653 Ключевые слова __
a Ключевые слова История лингвистической науки
653 Ключевые слова __
a Ключевые слова История языкознания
653 Ключевые слова __
a Ключевые слова Общее языкознание
653 Ключевые слова __
a Ключевые слова Сравнительно-историческое языкознание
653 Ключевые слова __
a Ключевые слова Языкознание
653 Ключевые слова __
a Ключевые слова История лингвистических учений
653 Ключевые слова __
a Ключевые слова Основы языкознания
653 Ключевые слова __
a Ключевые слова Общее языкознание и история лингвистических учений
653 Ключевые слова __
a Ключевые слова Старославянский язык
653 Ключевые слова __
a Ключевые слова Церковнославянский язык
653 Ключевые слова __
a Ключевые слова Древние языки: Старославянский язык
653 Ключевые слова __
a Ключевые слова Старославянский (церковнославянский) язык
653 Ключевые слова __
a Ключевые слова Основы общего языкознания
653 Ключевые слова __
a Ключевые слова История и теория языкознания
653 Ключевые слова __
a Ключевые слова Основы церковнославянского языка
653 Ключевые слова __
a Ключевые слова Классические языки. Старославянский язык
653 Ключевые слова __
a Ключевые слова Древние языки (старославянский)
653 Ключевые слова __
a Ключевые слова Теория и история языкознания
653 Ключевые слова __
a Ключевые слова Древний язык (старославянский)
856 Электронный адрес документа 40
n Местонахождение сервера Юрайт
g Электронная книга
q Тип электронного формата html
h Имя пользователя ЮРАЙТ
v Часы доступа к ресурсу 20271231
2 Способ доступа Показать документ
x Служебное примечание https://urait.ru/book/cover/27127B95-16C9-44FD-8BCD-7DB1469BFB74
u URL https://urait.ru/bcode/562404
856 Электронный адрес документа 48
q Тип электронного формата cover
u URL https://urait.ru/book/cover/27127B95-16C9-44FD-8BCD-7DB1469BFB74
911 __
u 0030=https://urait.ru/bcode/562404
911 __
u 073a=9785534120639
u 073d=799.00
911 __
u 106a=s
911 __
u 900l=
952 Тип литературы __
i Дисциплина Введение в лингвистику
952 Тип литературы __
i Дисциплина Введение в языкознание
952 Тип литературы __
i Дисциплина История лингвистической науки
952 Тип литературы __
i Дисциплина История языкознания
952 Тип литературы __
i Дисциплина Общее языкознание
952 Тип литературы __
i Дисциплина Сравнительно-историческое языкознание
952 Тип литературы __
i Дисциплина Языкознание
952 Тип литературы __
i Дисциплина История лингвистических учений
952 Тип литературы __
i Дисциплина Основы языкознания
952 Тип литературы __
i Дисциплина Общее языкознание и история лингвистических учений
952 Тип литературы __
i Дисциплина Старославянский язык
952 Тип литературы __
i Дисциплина Церковнославянский язык
952 Тип литературы __
i Дисциплина Древние языки: Старославянский язык
952 Тип литературы __
i Дисциплина Старославянский (церковнославянский) язык
952 Тип литературы __
i Дисциплина Основы общего языкознания
952 Тип литературы __
i Дисциплина История и теория языкознания
952 Тип литературы __
i Дисциплина Основы церковнославянского языка
952 Тип литературы __
i Дисциплина Классические языки. Старославянский язык
952 Тип литературы __
i Дисциплина Древние языки (старославянский)
952 Тип литературы __
i Дисциплина Теория и история языкознания
952 Тип литературы __
i Дисциплина Древний язык (старославянский)